[Event "4NCL Division 3 South"]
[Site "Milton Keynes, ENG"]
[Date "2022.03.27"]
[Round "6.55"]
[White "Elwin, Adrian G"]
[Black "Smith, Richard"]
[Result "0-1"]
[WhiteElo "1996"]
[BlackElo "1925"]
[PlyCount "218"]
[EventDate "2022.03.27"]
[WhiteTeam "MK Phoenix 1"]
[BlackTeam "Poole"]

1. d4 Nf6 2. c4 e6 3. Nc3 c5 4. d5 exd5 5. cxd5 g6 6. e4 d6 7. Bd3 Bg7 8. Nge2
O-O 9. O-O Re8 10. Bg5 h6 11. Bd2 c4 12. Bc2 Na6 13. Ng3 Ng4 14. h3 Ne5 15. Be3
Qh4 16. Nce2 Nb4 17. Nd4 a6 18. a3 Nxc2 19. Qxc2 b5 20. Qe2 Nd3 21. Nf3 Qd8 22.
Bd4 Bxd4 23. Nxd4 Qf6 24. Qe3 Nxb2 25. f4 Nd3 26. f5 g5 27. h4 Nf4 28. Rae1 Bb7
29. hxg5 hxg5 30. Nf3 Nxd5 31. Qxg5+ Qxg5 32. Nxg5 Nf6 33. Rf4 Re5 34. Kf2 Rae8
35. Rh4 d5 36. Reh1 Kf8 37. Rh8+ Ke7 38. Rxe8+ Nxe8 39. Nf3 Rxe4 40. Nxe4 dxe4
41. Nd4 Nf6 42. Rh8 Ng4+ 43. Kg3 Ne3 44. Rb8 Bd5 45. Rb6 c3 46. Ne2 c2 47. Kf4
Nxg2+ 48. Ke5 Bc4 49. f6+ Kd7 50. Nc1 Ne1 51. Kd4 Nd3 52. Ne2 c1=Q 53. Nxc1
Nxc1 54. Kxe4 Ne2 55. Rxa6 Kc7 56. Ke3 Nc3 57. Kd4 Kb7 58. Rd6 Kc7 59. Ra6 Kb7
60. Rd6 Na4 61. Rd7+ Kc6 62. Re7 Nb6 63. Ra7 Be6 64. Ke5 Nd7+ 65. Kd4 Nxf6 66.
Ra6+ Kb7 67. Ra5 Kb6 68. Ra8 Nd7 69. Re8 Nc5 70. Ra8 Nb3+ 71. Kc3 Na5 72. a4
bxa4 73. Kb4 Nc6+ 74. Kxa4 Kc5 75. Re8 Kd4 76. Kb5 Ne5 77. Rd8+ Bd5 78. Rh8 f5
79. Rf8 Be4 80. Rd8+ Ke3 81. Kc5 Nd3+ 82. Kc4 f4 83. Rf8 Ne5+ 84. Kc3 f3 85.
Rf6 Nd3 86. Rxf3+ Bxf3 87. Kc4 Bc6 88. Kc3 Bd5 89. Kc2 Kd4 90. Kb1 Kc3 91. Ka1
Nb4 92. Kb1 Nc2 93. Kc1 Ba2 94. Kd1 Nd4 95. Ke1 Kd3 96. Kf2 Ne2 97. Kf3 Be6 98.
Kf2 Bd5 99. Ke1 Ke3 100. Kd1 Bb3+ 101. Ke1 Bc2 102. Kf1 Nf4 103. Ke1 Ng2+ 104.
Kf1 Kf3 105. Kg1 Bd3 106. Kh2 Nf4 107. Kg1 Kg3 108. Kh1 Bc4 109. Kg1 Nh3+ 0-1

[Event "4NCL Division 3 South"]
[Site "Milton Keynes, ENG"]
[Date "2022.03.27"]
[Round "6.56"]
[White "Popovic, Dragi"]
[Black "Lambourne, Dan M"]
[Result "1/2-1/2"]
[WhiteElo "1746"]
[BlackElo "1979"]
[PlyCount "154"]
[EventDate "2022.03.27"]
[WhiteTeam "Poole"]
[BlackTeam "MK Phoenix 1"]

1. b3 d5 2. Bb2 Nf6 3. e3 Bf5 4. Ne2 e6 5. f3 h6 6. Nbc3 c6 7. g4 Bg6 8. h4 Be7
9. Nf4 e5 10. Nxg6 fxg6 11. Qe2 Nbd7 12. O-O-O Qc7 13. Qd3 Nf8 14. Ne2 O-O-O
15. Ng1 Kb8 16. Qe2 Ne6 17. d4 Bd6 18. Kb1 Rhe8 19. Qg2 exd4 20. Bxd4 Nxd4 21.
exd4 Re6 22. Bd3 Nd7 23. Ne2 Rf8 24. h5 g5 25. Bf5 Re7 26. Rhf1 Rf6 27. Nc1 Nf8
28. Nd3 g6 29. hxg6 Nxg6 30. Bxg6 Rxg6 31. Rfe1 Rge6 32. Rxe6 Rxe6 33. Re1 Qe7
34. Qd2 Rxe1+ 35. Qxe1 Qxe1+ 36. Nxe1 Bb4 37. Nd3 Bc3 38. Kc1 Bxd4 39. Kd2 Kc7
40. Nc1 Kd6 41. Kd3 Be5 42. Ne2 Ke6 43. Ke3 Kf6 44. Kf2 Bd6 45. Ke3 b6 46. Nc3
Ke5 47. Ne2 Bc5+ 48. Kd3 Bf2 49. c3 a5 50. c4 b5 51. cxb5 cxb5 52. Kd2 Kd6 53.
Kd3 Kc5 54. a3 Kc6 55. Nc3 Bc5 56. a4 bxa4 57. bxa4 Be7 58. Ne2 Bf6 59. f4 gxf4
60. Nxf4 Kc5 61. Ne6+ Kb4 62. Nc7 Kxa4 63. Nxd5 Bd8 64. Kc4 Ka3 65. Kc3 a4 66.
Kc2 Bh4 67. Kc3 Bg3 68. Kc2 Be5 69. Nb6 Kb4 70. Nxa4 Kxa4 71. Kd2 Kb4 72. Ke2
Kc4 73. Kf2 Kd3 74. Kg2 Ke3 75. Kh1 Kf3 76. Kg1 Kg3 77. Kh1 Kh3 1/2-1/2

[Event "4NCL Division 3 South"]
[Site "Milton Keynes, ENG"]
[Date "2022.03.27"]
[Round "6.61"]
[White "Robinson, James"]
[Black "Howell, Oliver W"]
[Result "1/2-1/2"]
[WhiteElo "1925"]
[BlackElo "2008"]
[PlyCount "49"]
[EventDate "2022.03.27"]
[WhiteTeam "Barnet Knights B"]
[BlackTeam "Sussex Martlets 2"]

1. d4 d5 2. Nf3 Nf6 3. Bf4 Bf5 4. e3 e6 5. Bd3 Bxd3 6. Qxd3 c6 7. Nbd2 Bd6 8.
Ne5 Qc7 9. O-O Nbd7 10. Nxd7 Nxd7 11. Bxd6 Qxd6 12. Nf3 O-O 13. Ng5 Nf6 14. f4
h6 15. Nf3 c5 16. Ne5 c4 17. Qe2 Nd7 18. g4 Nxe5 19. fxe5 Qe7 20. h3 f6 21.
exf6 Rxf6 22. Rxf6 Qxf6 23. Rf1 Qe7 24. Qf2 Rf8 25. Qxf8+ 1/2-1/2

[Event "4NCL Division 3 South"]
[Site "Milton Keynes, ENG"]
[Date "2022.03.27"]
[Round "6.62"]
[White "Sutton, Daniel"]
[Black "Eedle, Eric F"]
[Result "1-0"]
[WhiteElo "2029"]
[BlackElo "1854"]
[PlyCount "53"]
[EventDate "2022.03.27"]
[WhiteTeam "Sussex Martlets 2"]
[BlackTeam "Barnet Knights B"]

1. e4 c5 2. c3 Nf6 3. e5 Nd5 4. d4 cxd4 5. Nf3 Nc6 6. cxd4 d6 7. Bc4 Nb6 8. Bb3
dxe5 9. d5 Na5 10. Nc3 f6 11. O-O g6 12. Be3 Bf5 13. Rc1 Bg7 14. Nb5 Kf7 15.
Rc7 Nxb3 16. Bxb6 axb6 17. Qxb3 Bd7 18. d6+ Be6 19. Qb4 Bd7 20. dxe7 Qxe7 21.
Qc4+ Ke8 22. Rd1 Rd8 23. Nd6+ Kf8 24. Nxb7 Be6 25. Rxd8+ Qxd8 26. Qb4+ Ke8 27.
Nxd8 1-0

[Event "4NCL Division 3 South"]
[Site "Milton Keynes, ENG"]
[Date "2022.03.27"]
[Round "6.63"]
[White "Smith, Mark"]
[Black "Hedger, Alec"]
[Result "1/2-1/2"]
[WhiteElo "1810"]
[BlackElo "1889"]
[PlyCount "92"]
[EventDate "2022.03.27"]
[WhiteTeam "Barnet Knights B"]
[BlackTeam "Sussex Martlets 2"]

1. e4 c5 2. Nf3 e6 3. d3 Nc6 4. Qe2 Be7 5. g3 Nf6 6. e5 Nd5 7. c4 Ndb4 8. a3
Qa5 9. Kd2 Bg5+ 10. Nxg5 Nd4 11. Qh5 g6 12. Qh4 Qa4 13. Qf4 Qc2+ 14. Ke1 Nxd3+
15. Bxd3 Qxd3 16. Qd2 Qxc4 17. Nc3 h6 18. Nge4 Nf3+ 19. Kd1 Nxd2 20. Nd6+ Ke7
21. Nxc4 Nxc4 22. Re1 a6 23. b3 Na5 24. Kc2 c4 25. bxc4 Nxc4 26. Kd3 b5 27. a4
Nb6 28. axb5 axb5 29. Rxa8 Nxa8 30. Ba3+ Ke8 31. Ne4 d5 32. exd6 f5 33. Nc5 Kf7
34. Kd4 Rd8 35. Nd3 Nb6 36. Ne5+ Kf6 37. Nc6 Rd7 38. Ne7 Bb7 39. Rc1 Nc4 40.
Rxc4 bxc4 41. f4 Bd5 42. Bb4 Rb7 43. Kc5 Kf7 44. Nc8 Ke8 45. Nb6 g5 46. Bc3
Rxb6 1/2-1/2

[Event "4NCL Division 3 South"]
[Site "Milton Keynes, ENG"]
[Date "2022.03.27"]
[Round "6.64"]
[White "Howell, Chris I"]
[Black "Vyas, Alisha"]
[Result "0-1"]
[WhiteElo "1939"]
[BlackElo "1820"]
[PlyCount "114"]
[EventDate "2022.03.27"]
[WhiteTeam "Sussex Martlets 2"]
[BlackTeam "Barnet Knights B"]

1. e4 c5 2. a3 g6 3. b4 Bg7 4. Nc3 b6 5. bxc5 bxc5 6. Rb1 Nc6 7. Nf3 Nf6 8. Bc4
O-O 9. O-O d6 10. h3 Bd7 11. d3 Qa5 12. Rb5 Qc7 13. Bg5 e6 14. Rb1 Na5 15. Nb5
Bxb5 16. Bxb5 a6 17. Ba4 d5 18. e5 Nd7 19. Be7 Rfc8 20. Bd6 Qa7 21. Qd2 Nc6 22.
Qf4 Nd8 23. Rb2 c4 24. Bxd7 Qxd7 25. Rfb1 cxd3 26. cxd3 Rc6 27. Rb8 Rxb8 28.
Rxb8 Rc8 29. Rb6 Rc6 30. Qb4 Qa7 31. Rb8 Qd7 32. Kh2 Rc8 33. Nd4 h6 34. Qb6
Rxb8 35. Qxb8 Kh7 36. Qb4 Nb7 37. Nf3 Kg8 38. Be7 a5 39. Qh4 g5 40. Bxg5 hxg5
41. Nxg5 Bxe5+ 42. f4 Bg7 43. Qh7+ Kf8 44. h4 Nd6 45. g4 Ne8 46. d4 Nf6 47. Qc2
Nxg4+ 48. Kg3 Nf6 49. Qc5+ Kg8 50. Qxa5 Qd6 51. Qa8+ Bf8 52. a4 Qa3+ 53. Kg2
Qb2+ 54. Kg3 Qc3+ 55. Kg2 Qd2+ 56. Kg3 Qe3+ 57. Kg2 Qe2+ 0-1

[Event "4NCL Division 3 South"]
[Site "Milton Keynes, ENG"]
[Date "2022.03.27"]
[Round "6.65"]
[White "Borces, Randolf Catan"]
[Black "Finn, Thomas"]
[Result "1-0"]
[WhiteElo "1800"]
[BlackElo "1926"]
[PlyCount "57"]
[EventDate "2022.03.27"]
[WhiteTeam "Barnet Knights B"]
[BlackTeam "Sussex Martlets 2"]

1. d4 d5 2. Nf3 c5 3. c4 e6 4. cxd5 exd5 5. g3 Nc6 6. Bg2 Bg4 7. O-O h6 8. Nc3
Nf6 9. Ne5 Be6 10. Qa4 cxd4 11. Nxc6 bxc6 12. Qxd4 Qb6 13. Qe5 Rd8 14. Na4 Qa5
15. b3 Bd6 16. Qb2 O-O 17. Bd2 Qa6 18. Bc3 Be7 19. Bd4 Rfe8 20. Rac1 Bd7 21. e3
Rb8 22. Nc5 Bxc5 23. Rxc5 Ne4 24. Bxe4 Rxe4 25. Bxg7 Kh7 26. Qf6 Re6 27. Qxf7
Be8 28. Qxe6 Kxg7 29. Qe5+ 1-0

[Event "4NCL Division 3 South"]
[Site "Milton Keynes, ENG"]
[Date "2022.03.27"]
[Round "6.66"]
[White "Wilton, Maximilian"]
[Black "Bakacsi, Zsolt"]
[Result "1-0"]
[WhiteElo "1950"]
[BlackElo "1740"]
[PlyCount "137"]
[EventDate "2022.03.27"]
[WhiteTeam "Sussex Martlets 2"]
[BlackTeam "Barnet Knights B"]

1. e4 e5 2. Nf3 Nc6 3. Bc4 Nf6 4. Ng5 d5 5. exd5 Na5 6. Bb5+ c6 7. dxc6 bxc6 8.
Qf3 Qb6 9. Bd3 Bg4 10. Qg3 Bd6 11. Nc3 Qd4 12. Nge4 Bc7 13. Nxf6+ gxf6 14. Ne2
Qd7 15. h3 Be6 16. b3 O-O-O 17. Qh4 f5 18. Bb2 Rhg8 19. Rg1 e4 20. Ba6+ Kb8 21.
Bc3 Nb7 22. Nf4 Nc5 23. Nxe6 fxe6 24. Bf1 Qd5 25. Bc4 Qd7 26. O-O-O Bh2 27. Rh1
Bc7 28. g4 Rde8 29. gxf5 Rg2 30. fxe6 Nxe6 31. Rhg1 Rxg1 32. Rxg1 Nd4 33. Qh6
Be5 34. Qe3 Nf3 35. Bxe5+ Rxe5 36. Rg8+ Kb7 37. Qc3 h5 38. Rf8 Rf5 39. Rxf5
Qxf5 40. Qg7+ Kb6 41. Qg3 Qf8 42. Kb2 Qf6+ 43. c3 Ne5 44. Be2 Qd6 45. Qe3+ Kb7
46. Qd4 Qd5 47. Qxd5 cxd5 48. Kc2 Ng6 49. a4 Nf4 50. Bf1 a5 51. b4 Kb6 52. Kb3
h4 53. c4 axb4 54. Kxb4 d4 55. c5+ Kc6 56. Kc4 Ne6 57. Bg2 Nxc5 58. Kxd4 Nxa4
59. Kxe4 Nc5+ 60. Kf5+ Kd6 61. Kg5 Nd3 62. f4 Ne1 63. Be4 Ke6 64. d4 Ke7 65. f5
Kf7 66. d5 Ke7 67. Kg6 Kd6 68. Kf6 Kc5 69. Ke5 1-0

[Event "4NCL Division 3 South"]
[Site "Milton Keynes, ENG"]
[Date "2022.03.27"]
[Round "6.71"]
[White "Pickard, Charles"]
[Black "Marsh, Roger D W"]
[Result "1/2-1/2"]
[WhiteElo "2126"]
[BlackElo "1914"]
[PlyCount "68"]
[EventDate "2022.03.27"]
[WhiteTeam "Poisoned Pawns"]
[BlackTeam "Wessex Some Stars B"]

1. Nf3 g6 2. d4 Bg7 3. c4 d6 4. g3 Nf6 5. Bg2 O-O 6. O-O Nbd7 7. Qc2 c6 8. Rd1
Qc7 9. Nc3 Re8 10. e4 e5 11. h3 a6 12. Be3 b6 13. Rac1 Ra7 14. Qd2 Nf8 15. b4
a5 16. dxe5 dxe5 17. a3 axb4 18. axb4 Bd7 19. c5 b5 20. Nxb5 cxb5 21. c6 Bc8
22. Bxa7 Qxa7 23. Qd3 Qb6 24. Rc5 Ba6 25. Nxe5 Ne6 26. Nd7 Nxd7 27. cxd7 Rd8
28. Rd5 Bf8 29. Qc3 Bb7 30. R5d2 Qc6 31. Qb3 Be7 32. f4 Nf8 33. Kh2 Rxd7 34.
Rxd7 Nxd7 1/2-1/2

[Event "4NCL Division 3 South"]
[Site "Milton Keynes, ENG"]
[Date "2022.03.27"]
[Round "6.72"]
[White "Pentakota, Rajasekhar"]
[Black "Weersing, Abigail Riis"]
[Result "1-0"]
[WhiteElo "1858"]
[BlackElo "2051"]
[PlyCount "119"]
[EventDate "2022.03.27"]
[WhiteTeam "Wessex Some Stars B"]
[BlackTeam "Poisoned Pawns"]

1. Nf3 Nf6 2. g3 d5 3. Bg2 e6 4. O-O Bd6 5. d4 O-O 6. b3 c6 7. c4 Nbd7 8. Bb2
Qe7 9. Ne5 Bc7 10. Nd2 c5 11. Nxd7 Bxd7 12. dxc5 Bc6 13. b4 dxc4 14. Bxc6 bxc6
15. Nxc4 a5 16. a3 axb4 17. axb4 Nd5 18. Ne3 Nxe3 19. fxe3 Rab8 20. Bc3 Qg5 21.
Rf3 e5 22. e4 Rbd8 23. Qc2 Rd7 24. Rd1 Qg4 25. Rxd7 Qxd7 26. Kg2 Qe6 27. Qa4
Qg6 28. Rf5 Qe6 29. Qa7 Bb8 30. Qa6 f6 31. Rf3 Rd8 32. Qb6 Qc8 33. Rd3 Rxd3 34.
exd3 Kf7 35. h3 Qc7 36. Qa6 Qd7 37. g4 Kf8 38. Qa8 Qc7 39. Kf3 Ke7 40. Ke3 Qc8
41. Bb2 h5 42. Kf3 hxg4+ 43. hxg4 Kd7 44. Qa2 Ke7 45. Bc3 Qd8 46. Qa6 Qd7 47.
Qc4 Qe8 48. Be1 Qh8 49. Kg2 Qc8 50. Kg3 Qe8 51. Bf2 Bc7 52. Qa6 Qd7 53. Kf3 Bb8
54. Be3 Bc7 55. Qb7 Ke6 56. b5 cxb5 57. c6 Qd6 58. Qxb5 g5 59. Bc5 Qd8 60. Qc4+
1-0

[Event "4NCL Division 3 South"]
[Site "Milton Keynes, ENG"]
[Date "2022.03.27"]
[Round "6.73"]
[White "Rosen, Daniel B"]
[Black "De Coverly, Roger D"]
[Result "1-0"]
[WhiteElo "1971"]
[BlackElo "1850"]
[PlyCount "97"]
[EventDate "2022.03.27"]
[WhiteTeam "Poisoned Pawns"]
[BlackTeam "Wessex Some Stars B"]

1. e4 e5 2. Nf3 Nc6 3. Bb5 a6 4. Ba4 Nf6 5. O-O Be7 6. Qe2 b5 7. Bb3 O-O 8. c3
d6 9. d3 Na5 10. Bc2 c5 11. Rd1 Qc7 12. Nbd2 h6 13. Nf1 Re8 14. Ne3 Bf8 15. Bd2
g6 16. h3 Bg7 17. Nh2 Be6 18. Nhg4 Nxg4 19. Nxg4 Kh7 20. Ne3 Nc6 21. Rf1 Ne7
22. Bb3 Bxb3 23. axb3 Qd7 24. f4 f5 25. exf5 gxf5 26. Qh5 Rf8 27. Rf3 Qe6 28.
fxe5 dxe5 29. c4 f4 30. Nd1 Rf5 31. Qh4 Ng6 32. Qe1 b4 33. Rf1 Raf8 34. Nf2 Bf6
35. Ne4 Bh4 36. Qe2 Qg8 37. Rf3 Ne7 38. Rxa6 Ra8 39. Rxa8 Qxa8 40. Nd6 Rf8 41.
Qxe5 Ng6 42. Qxc5 Qa1+ 43. Rf1 Qxb2 44. Bxb4 Bf6 45. Nf5 Rg8 46. Qd5 Qxb3 47.
Bc5 Qb2 48. Qf7+ Bg7 49. Bd4 1-0

[Event "4NCL Division 3 South"]
[Site "Milton Keynes, ENG"]
[Date "2022.03.27"]
[Round "6.74"]
[White "Adaway, William"]
[Black "Kemp, Paul R"]
[Result "1/2-1/2"]
[WhiteElo "1863"]
[BlackElo "2022"]
[PlyCount "52"]
[EventDate "2022.03.27"]
[WhiteTeam "Wessex Some Stars B"]
[BlackTeam "Poisoned Pawns"]

1. e4 c6 2. d4 d5 3. exd5 cxd5 4. Bd3 Nc6 5. c3 Qc7 6. Na3 a6 7. Nc2 Nf6 8. h3
g6 9. Nf3 Bg7 10. O-O O-O 11. Re1 Nh5 12. Qd2 e5 13. dxe5 Nxe5 14. Be2 Nf6 15.
Nxe5 Qxe5 16. Qf4 Qxf4 17. Bxf4 Re8 18. Bf3 Bf5 19. Ne3 Be4 20. Bxe4 Rxe4 21.
Bg5 d4 22. Bxf6 Bxf6 23. Nd5 Rxe1+ 24. Rxe1 Bg7 25. cxd4 Bxd4 26. Rd1 Bxb2
1/2-1/2

[Event "4NCL Division 3 South"]
[Site "Milton Keynes, ENG"]
[Date "2022.03.27"]
[Round "6.75"]
[White "McMahon, Paul"]
[Black "Clancy, Martin J"]
[Result "1-0"]
[WhiteElo "1916"]
[BlackElo "1714"]
[PlyCount "55"]
[EventDate "2022.03.27"]
[WhiteTeam "Poisoned Pawns"]
[BlackTeam "Wessex Some Stars B"]

1. e4 c5 2. Nf3 d6 3. Bb5+ Bd7 4. Bxd7+ Qxd7 5. O-O e5 6. a4 Nc6 7. Nc3 Nf6 8.
d3 h6 9. Re1 g6 10. Bd2 Bg7 11. Qc1 O-O-O 12. a5 Nh5 13. Nd5 g5 14. b4 cxb4 15.
Qb2 Nf4 16. Nxb4 Nxg2 17. Kxg2 Qg4+ 18. Kf1 Qxf3 19. Nxc6 bxc6 20. Reb1 Kd7 21.
Qb7+ Ke6 22. Qxa7 c5 23. a6 g4 24. Be3 Qh1+ 25. Ke2 Qxh2 26. Qb7 Rhf8 27. a7 g3
28. a8=Q 1-0

[Event "4NCL Division 3 South"]
[Site "Milton Keynes, ENG"]
[Date "2022.03.27"]
[Round "6.76"]
[White "Cuthbert, Larissa"]
[Black "Judkins, Brian D"]
[Result "0-1"]
[WhiteElo "1204"]
[BlackElo "1716"]
[PlyCount "100"]
[EventDate "2022.03.27"]
[WhiteTeam "Wessex Some Stars B"]
[BlackTeam "Poisoned Pawns"]

1. d4 d5 2. c4 c6 3. Nc3 Nf6 4. cxd5 cxd5 5. Bf4 Nc6 6. Nb5 Qa5+ 7. Nc3 e6 8.
Nf3 Ne4 9. Bd2 Nxd2 10. Qxd2 Be7 11. e3 a6 12. Be2 Bd7 13. O-O O-O 14. Ne1 Rac8
15. f3 b5 16. e4 Nxd4 17. Kh1 Nxe2 18. Qxe2 b4 19. Nd1 Bb5 20. Nd3 dxe4 21.
fxe4 Rcd8 22. N1f2 Bc5 23. Qf3 Bxf2 24. Nxf2 Bxf1 25. Rxf1 Qxa2 26. Nd3 Qb3 27.
Ne5 Qxf3 28. Nxf3 f6 29. Ra1 Rd6 30. Kg1 Ra8 31. Kf2 a5 32. Ke3 e5 33. g4 a4
34. Nd2 a3 35. Nc4 Rc6 36. Nd2 Rc2 37. bxa3 Rxa3+ 38. Rxa3 bxa3 39. Kd3 Rxd2+
40. Kxd2 a2 41. Kd3 a1=Q 42. h3 Qd4+ 43. Ke2 Qxe4+ 44. Kf2 Qd3 45. Ke1 e4 46.
Kf2 e3+ 47. Kg2 e2 48. Kf2 Qd2 49. Kf3 e1=Q 50. h4 Qee3# 0-1

[Event "4NCL Division 3 South"]
[Site "Milton Keynes, ENG"]
[Date "2022.03.27"]
[Round "6.81"]
[White "Vachtfeidl, Petr"]
[Black "Shah, Kian"]
[Result "1-0"]
[WhiteElo "1861"]
[BlackElo "1877"]
[PlyCount "77"]
[EventDate "2022.03.27"]
[WhiteTeam "CSC 2"]
[BlackTeam "Cambridge University Y"]

1. d4 Nf6 2. c4 c5 3. d5 e6 4. Nc3 exd5 5. cxd5 d6 6. e4 g6 7. Bd3 Bg7 8. h3
O-O 9. Nf3 Re8 10. O-O a6 11. a4 c4 12. Bxc4 Nxe4 13. Nxe4 Rxe4 14. Bd3 Re8 15.
Bg5 Qa5 16. Re1 Bd7 17. Qb3 Nc6 18. dxc6 Bxc6 19. Rxe8+ Rxe8 20. Bd2 Qh5 21.
Bc4 Qf5 22. Re1 Rxe1+ 23. Nxe1 Bd4 24. Be3 Qb1 25. Bxd4 Qxe1+ 26. Bf1 Qa1 27.
Qb6 Qxa4 28. Qd8+ Be8 29. Qf6 Kf8 30. Qxd6+ Kg8 31. Qf6 Kf8 32. Qd6+ Kg8 33.
Qf6 Kf8 34. Bc5+ Kg8 35. Bd4 Kf8 36. h4 Qd1 37. Bc5+ Kg8 38. Qe7 Bb5 39. Qf8#
1-0

[Event "4NCL Division 3 South"]
[Site "Milton Keynes, ENG"]
[Date "2022.03.27"]
[Round "6.82"]
[White "Ivan, Austin"]
[Black "Latypova, Olga L"]
[Result "1/2-1/2"]
[WhiteElo "1753"]
[BlackElo "1800"]
[PlyCount "136"]
[EventDate "2022.03.27"]
[WhiteTeam "Cambridge University Y"]
[BlackTeam "CSC 2"]

1. e4 c5 2. Nf3 e6 3. d4 cxd4 4. Nxd4 a6 5. Nc3 Qc7 6. Bd3 g6 7. O-O Bg7 8.
Nce2 Nf6 9. f3 O-O 10. c3 b6 11. Be3 d5 12. e5 Nfd7 13. f4 Nc5 14. Rf3 Nxd3 15.
Qxd3 Nd7 16. g4 Bxe5 17. fxe5 Nxe5 18. Bf4 Nxf3+ 19. Nxf3 Qc4 20. Qe3 Qe4 21.
Qxe4 dxe4 22. Ng5 f5 23. Nd4 Re8 24. Be5 h6 25. Nh3 Bb7 26. Nf4 Kf7 27. g5 hxg5
28. Nh3 g4 29. Ng5+ Kg8 30. Kf2 Bd5 31. Ke3 Rac8 32. Rh1 Kf8 33. h3 Ke7 34.
hxg4 Kd7 35. Rh7+ Re7 36. Rxe7+ Kxe7 37. gxf5 exf5 38. a3 b5 39. Ne2 Bf7 40.
Nd4 Bc4 41. Nc2 a5 42. Nd4 a4 43. Nc2 Rd8 44. Nd4 Rd5 45. Bf4 Kf6 46. Nge6 Rd7
47. Bg5+ Kf7 48. Nf4 Rc7 49. Nc2 Rc8 50. Kd4 Rh8 51. Ne3 Rh2 52. Nxc4 bxc4 53.
Kxc4 Rxb2 54. Nd5 Rb3 55. Bc1 Rb1 56. Be3 Ke6 57. Nf4+ Kf6 58. Nd5+ Ke5 59.
Bd4+ Ke6 60. Be3 Rb3 61. Nf4+ Kf7 62. Bc1 g5 63. Nh3 g4 64. Nf4 Kf6 65. Kd4 Rb7
66. c4 g3 67. Nh5+ Ke6 68. Nxg3 Rc7 1/2-1/2

[Event "4NCL Division 3 South"]
[Site "Milton Keynes, ENG"]
[Date "2022.03.27"]
[Round "6.83"]
[White "Cooke, Charlie"]
[Black "Parikh, Naavya"]
[Result "0-1"]
[WhiteElo "1767"]
[BlackElo "1566"]
[PlyCount "80"]
[EventDate "2022.03.27"]
[WhiteTeam "CSC 2"]
[BlackTeam "Cambridge University Y"]

1. d4 d5 2. c4 c6 3. e3 e6 4. Nc3 Nf6 5. Nf3 Nbd7 6. Be2 Bd6 7. O-O O-O 8. Qc2
Bb8 9. Rd1 Nb6 10. cxd5 exd5 11. b3 Bg4 12. Bb2 Qc7 13. g3 Bxf3 14. Bxf3 Qe7
15. Rac1 Qe6 16. Qe2 Re8 17. Rc2 Qh3 18. Qf1 Qf5 19. Qe2 Qh3 20. Rcd2 Qh6 21.
Qf1 Bd6 22. Rd3 Ne4 23. Bg2 Re6 24. Nxe4 dxe4 25. R3d2 Rae8 26. Qe2 Rg6 27. Bc1
Nd5 28. Rc2 Nb4 29. Rc4 Nd3 30. Qf1 Rf6 31. Rxd3 exd3 32. e4 d2 33. Bb2 Qh5 34.
f3 Rh6 35. e5 Qxh2+ 36. Kf2 Be7 37. f4 Rg6 38. Rc3 Rd8 39. Rd3 Rxg3 40. Rxd2
Bh4 0-1

[Event "4NCL Division 3 South"]
[Site "Milton Keynes, ENG"]
[Date "2022.03.27"]
[Round "6.84"]
[White "Sivanandan, Bodhana"]
[Black "Eckert, Jonathan"]
[Result "1/2-1/2"]
[WhiteElo "1488"]
[BlackElo "1738"]
[PlyCount "95"]
[EventDate "2022.03.27"]
[WhiteTeam "Cambridge University Y"]
[BlackTeam "CSC 2"]

1. e4 e5 2. Nf3 Nc6 3. Nc3 Nf6 4. d4 exd4 5. Nxd4 Bb4 6. Nxc6 bxc6 7. Bd3 d5 8.
exd5 cxd5 9. O-O O-O 10. Bg5 c6 11. Qf3 Be7 12. h3 Be6 13. Ne2 c5 14. c3 Rb8
15. Rab1 h6 16. Bd2 Qd7 17. Nf4 c4 18. Bc2 Ne4 19. Bxe4 dxe4 20. Qd1 Bf5 21.
Be3 Rfd8 22. Qxd7 Rxd7 23. b3 g5 24. Ne2 Bf6 25. Bd4 Bxd4 26. Nxd4 Bg6 27. bxc4
Rc8 28. Rb4 Rdc7 29. Nb5 Rxc4 30. Nd6 Rxb4 31. Nxc8 Rb2 32. Nxa7 Rxa2 33. Nc8
Rc2 34. Ne7+ Kg7 35. Nxg6 Kxg6 36. Re1 f5 37. Re3 h5 38. f3 exf3 39. Rxf3 h4
40. Rd3 Kf6 41. Kh2 g4 42. hxg4 fxg4 43. Rd4 Kf5 44. Rd5+ Ke4 45. Rd4+ Kf5 46.
Rd5+ Ke4 47. Rd4+ Kf5 48. Rd5+ 1/2-1/2

[Event "4NCL Division 3 South"]
[Site "Milton Keynes, ENG"]
[Date "2022.03.27"]
[Round "6.85"]
[White "Grey, Nicholas D"]
[Black "Evans, Daniel"]
[Result "0-1"]
[WhiteElo "1716"]
[BlackElo "1554"]
[PlyCount "91"]
[EventDate "2022.03.27"]
[WhiteTeam "CSC 2"]
[BlackTeam "Cambridge University Y"]

1. e4 e6 2. d4 d5 3. Nc3 Bb4 4. e5 c5 5. a3 Bxc3+ 6. bxc3 Ne7 7. h4 b6 8. Nf3
Ba6 9. Bxa6 Nxa6 10. Qe2 Nb8 11. a4 c4 12. O-O h6 13. h5 Nbc6 14. Ba3 Qc7 15.
Nh4 Kd7 16. f4 g5 17. hxg6 Nxg6 18. Nxg6 fxg6 19. f5 gxf5 20. Rf4 Rag8 21. Raf1
Rg5 22. Rh4 Qd8 23. Rh3 Rhg8 24. Rf2 R8g6 25. Bc1 Rg4 26. Bf4 Qg8 27. Qd2 a6
28. Qc1 Kc7 29. Rh2 h5 30. Qa3 Qg7 31. Kf1 h4 32. Qd6+ Kb7 33. Be3 Qe7 34.
Qxe7+ Nxe7 35. Rf3 Rg7 36. Rfh3 Ng6 37. Bh6 Rf7 38. Bc1 f4 39. Rf3 Rg3 40. Bd2
Kc6 41. Be1 Rg4 42. Ke2 a5 43. Rfh3 Rf5 44. Kf1 Rh5 45. Rf3 Rh7 46. Kg1 0-1

[Event "4NCL Division 3 South"]
[Site "Milton Keynes, ENG"]
[Date "2022.03.27"]
[Round "6.86"]
[White "Laza, Andrei"]
[Black "Cresswell, Mike J"]
[Result "1/2-1/2"]
[WhiteElo "1225"]
[BlackElo "1609"]
[PlyCount "56"]
[EventDate "2022.03.27"]
[WhiteTeam "Cambridge University Y"]
[BlackTeam "CSC 2"]

1. b3 Nf6 2. Bb2 g6 3. e3 Bg7 4. Nf3 d6 5. h3 Nc6 6. Bb5 Bd7 7. O-O a6 8. Bxc6
Bxc6 9. d3 O-O 10. e4 Nd7 11. Bxg7 Kxg7 12. Nd4 Nb8 13. Nxc6 Nxc6 14. Nc3 e5
15. Nd5 Ne7 16. Qf3 Nxd5 17. exd5 f5 18. Qe2 Qf6 19. Rae1 Rae8 20. Qf3 Re7 21.
Re2 Kg8 22. Rfe1 Qg7 23. h4 Qh6 24. g3 f4 25. Re4 fxg3 26. Qxg3 Ref7 27. R1e2
Rf3 28. Qg5 Qg7 1/2-1/2

[Event "4NCL Division 3 South"]
[Site "Milton Keynes, ENG"]
[Date "2022.03.27"]
[Round "6.91"]
[White "Nelson, Omowale"]
[Black "Valentine, Brian J"]
[Result "1/2-1/2"]
[WhiteElo "2005"]
[BlackElo "1918"]
[PlyCount "222"]
[EventDate "2022.03.27"]
[WhiteTeam "Watford A"]
[BlackTeam "MK Phoenix 2"]

1. d4 Nf6 2. Nf3 e6 3. g3 b6 4. Bg2 Bb7 5. O-O Be7 6. c4 O-O 7. Nc3 d5 8. Ne5
Nbd7 9. Bf4 c5 10. e3 Qc8 11. cxd5 Nxd5 12. Nxd5 Bxd5 13. e4 Bb7 14. Rc1 Nxe5
15. Bxe5 Rd8 16. d5 exd5 17. exd5 Qd7 18. d6 Bxg2 19. Kxg2 Bxd6 20. Bc3 Qc6+
21. Kg1 Be5 22. Qg4 Bxc3 23. Rxc3 Qd5 24. b3 g6 25. Re3 Rd7 26. Rfe1 Rad8 27.
h4 h5 28. Qf4 Kg7 29. Kh2 Qd4 30. Qf3 Qf6 31. Kg2 Qxf3+ 32. Kxf3 Rd2 33. R1e2
Kf6 34. Kf4 R8d5 35. Kf3 Rf5+ 36. Kg2 Rxe2 37. Rxe2 Re5 38. Rd2 Ke6 39. Kf3 Rd5
40. Re2+ Kf6 41. Rc2 b5 42. Ke4 Ke6 43. Ke3 Kd6 44. Ke2 Rd4 45. Rc3 c4 46. bxc4
Rxc4 47. Ra3 Rc7 48. Ra6+ Kc5 49. Kd3 Rb7 50. Kc3 b4+ 51. Kb3 Kb5 52. Rd6 Rc7
53. Rd5+ Rc5 54. Rd7 Rc3+ 55. Kb2 a5 56. Rb7+ Ka4 57. Rxf7 Rd3 58. Kc2 Rd6 59.
Rf3 Re6 60. Kd1 Rc6 61. Kd2 Kb5 62. Re3 a4 63. f3 b3 64. a3 Rc2+ 65. Kd1 Rg2
66. Kc1 Rxg3 67. Re5+ Kc4 68. Re4+ Kd3 69. Re6 Rg1+ 70. Kb2 Rg2+ 71. Kb1 Rh2
72. Rxg6 Rh1+ 73. Kb2 Rh2+ 74. Kb1 Rxh4 75. Rf6 Rh2 76. f4 h4 77. f5 h3 78. Rh6
Rh1+ 79. Kb2 Rh2+ 80. Kb1 Rh1+ 81. Kb2 h2 82. f6 Rf1 83. Rxh2 Rxf6 84. Rh3+ Kc4
85. Rh4+ Kb5 86. Rh5+ Ka6 87. Rh2 Rc6 88. Rg2 Kb5 89. Rh2 Rc4 90. Rh5+ Kc6 91.
Rh2 Kd5 92. Rh5+ Ke4 93. Rh4+ Kd3 94. Rh3+ Ke2 95. Rh2+ Kf3 96. Kb1 Rg4 97. Rh8
Rg1+ 98. Kb2 Rg2+ 99. Kb1 Ra2 100. Rf8+ Ke4 101. Re8+ Kd5 102. Rd8+ Kc6 103.
Rc8+ Kd7 104. Rh8 Rxa3 105. Rh2 Kd6 106. Rg2 Ke5 107. Rh2 Kd4 108. Rg2 Kc3 109.
Rg3+ Kb4 110. Rg4+ Kc5 111. Rg2 Ra2 1/2-1/2

[Event "4NCL Division 3 South"]
[Site "Milton Keynes, ENG"]
[Date "2022.03.27"]
[Round "6.92"]
[White "Habershon, Paul F"]
[Black "Lancaster, Roger"]
[Result "1/2-1/2"]
[WhiteElo "1954"]
[BlackElo "1965"]
[PlyCount "61"]
[EventDate "2022.03.27"]
[WhiteTeam "MK Phoenix 2"]
[BlackTeam "Watford A"]

1. e4 e6 2. d3 c5 3. g3 Nc6 4. Bg2 g6 5. Nf3 Bg7 6. O-O Nge7 7. Nc3 O-O 8. Be3
Nd4 9. Rb1 d5 10. Ne2 Nxf3+ 11. Bxf3 d4 12. Bd2 Nc6 13. Bg2 e5 14. f4 f5 15.
fxe5 fxe4 16. Bxe4 Nxe5 17. Nf4 Bg4 18. Qe1 g5 19. h3 Bd7 20. Ng2 Rxf1+ 21.
Qxf1 Qe7 22. g4 Rf8 23. Qe2 Bc6 24. Rf1 Rxf1+ 25. Kxf1 Qf6+ 26. Ke1 h6 27. Bxc6
bxc6 28. Kd1 Ng6 29. Ne1 Nh4 30. Ng2 Ng6 31. Ne1 1/2-1/2